Možnosti zvládania šikanovania žiakov na školách

Šikanovanie, ktoré predstavuje nebezpečný spoločenský jav, pri ktorom je obmedzovaná osobná sloboda, ponižovaná ľudská dôstojnosť. Prípadová štúdia v príspevku venovaná prvému stupňu šikanovania – ostrakizmu, ktorý predstavuje prevažne psychickú formu násilia, ktorá sa prejavuje ignorovaním, prehlia...

Descrizione completa

Salvato in:
Dettagli Bibliografici
Autore principale: Kúbeková, Anna, 1976-
Natura: Capitolo di libro
Lingua:slovacco
Soggetti:
Tags: Aggiungi Tag
Nessun Tag, puoi essere il primo ad aggiungerne!!

MARC

LEADER 00000naa$a2200000$$$4500
001 0274756
005 20240502074320.2
041 0 |a slo 
044 |a SK 
245 1 0 |a Možnosti zvládania šikanovania žiakov na školách  |c Anna Kúbeková 
520 |a Šikanovanie, ktoré predstavuje nebezpečný spoločenský jav, pri ktorom je obmedzovaná osobná sloboda, ponižovaná ľudská dôstojnosť. Prípadová štúdia v príspevku venovaná prvému stupňu šikanovania – ostrakizmu, ktorý predstavuje prevažne psychickú formu násilia, ktorá sa prejavuje ignorovaním, prehliadaním obete či vylúčením zo skupiny. 
610 2 0 |a šikanovanie 
610 2 0 |a školy 
610 2 0 |a žiaci 
610 2 0 |a štúdie prípadové 
100 1 |a Kúbeková, Anna, 1976-